Le Corbusier, 1887-1965 : the lyricism of architecture in the machine age (Record no. 67085)

MARC details
000 -LEADER
fixed length control field 00299nam a22001097a 4500
005 - DATE AND TIME OF LATEST TRANSACTION
control field 20251014140033.0
008 - FIXED-LENGTH DATA ELEMENTS--GENERAL INFORMATION
fixed length control field 251014b |||||||| |||| 00| 0 eng d
040 ## - CATALOGING SOURCE
Transcribing agency PK-LaNCA
082 ## - DEWEY DECIMAL CLASSIFICATION NUMBER
Classification number 720.92
Item number LEC
245 ## - TITLE STATEMENT
Title Le Corbusier, 1887-1965 : the lyricism of architecture in the machine age
942 ## - ADDED ENTRY ELEMENTS (KOHA)
Koha item type Book
999 ## -
-- 67085
-- 67085
Holdings
Withdrawn status Weedout from Library Permanent Location Current Location Date acquired Full call number Barcode Price effective from Koha item type
    NATIONAL COLLEGE OF ARTS, RAWALPINDI CAMPUS - LIBRARY NATIONAL COLLEGE OF ARTS, RAWALPINDI CAMPUS - LIBRARY 14/10/2025 LEC 720.92 RP011186 RP011186 14/10/2025 Book